00350nam a22001217a 4500003000600000005001700006008004100023040000800064082001800072245010000090260002700190300001100217GBCCL20241126110635.0180912b ||||| |||| 00| 0 eng d cgbc aSOU GOSb2010 aGospel centenary souvenir 1910-2010 :bEvangelical Baptist Convention /cedited by L Vungzamuan aNew Lamka:bEBC,c2010 a48p. ;